000 00865nam a2200253 i 4500
001 bg
100 1 _aGLIKMAN, Paweł.
245 1 0 _aCiągłość i transformacja gospodarki :
_bzasoby kapitału, pracy, energii i ich wykorzystanie do roku 2000-2010 /
_cPaweł Glikman, Mieczysław Kabaj, Tadeusz Muszkiet.
260 _aWarszawa :
_b"Key Text",
_c1997.
300 _a302 s. :
_b1 mapa, wykr. ;
_c24 cm.
504 _aBibliogr. s. 115-116, 197, 300-302.
651 9 _aPolska
_xgospodarka
_yod 1989 r.
651 9 _aPolska
_xgospodarka
_xprognozy
655 _aDane statystyczne
700 1 _aKABAJ, Mieczysław
_d(1933- ).
700 1 _aMUSZKIET, Tadeusz.
020 _a8387251003
040 _cBPK
041 0 _apl
080 _a338.22(438)"1989/...":311.3(083.41)
920 _a83-87251-00-3
942 _cKS
008 s pl f |000 0 pol
999 _c31348
_d31348
856 _uhttp://koha.tu.koszalin.pl/cgi-bin/koha/opac-detail.pl?biblionumber=31348
_yKatalog online BPK